| 000 | 00874nam a2200193 i 4500 | ||
|---|---|---|---|
| 001 | bg | ||
| 245 | 0 |
_aGenetyka ilościowa roślin uprawnych : _bmateriały z sympozjum zorg. przez Komitet Fizjoloii, Genetyki i Hodowli Roślin PAN oraz Katedrę Hodowli Roślin i Nasiennictwa AR we Wrocławiu w dniach 21 i 22 maja 1986r. |
|
| 260 |
_aWarszawa : _bPaństw. Wydaw. Naukowe, _c1989. |
||
| 300 |
_a307 s. : _bwykr. ; _c24 cm. |
||
| 490 | 1 |
_aZeszyty Problemowe Postępów Nauk Rolniczych / Polska Akademia Nauk. Wydział Nauk Rolniczych i Leśnych, _x0084-5477 ; _v382 |
|
| 830 | 0 |
_aZeszyty Problemowe Postępów Nauk Rolniczych (Polska Akademia Nauk. Wydział Nauk Rolniczych i Leśnych) ; _v382 |
|
| 020 | _a8301090618 | ||
| 040 | _cBPK | ||
| 041 | _apol | ||
| 080 | _a631.52(061.3) | ||
| 920 | _a83-01-09061-8 | ||
| 942 | _cKS | ||
| 008 | s pl f |000 0 pol | ||
| 999 |
_c28969 _d28969 |
||
| 856 |
_uhttp://koha.tu.koszalin.pl/cgi-bin/koha/opac-detail.pl?biblionumber=28969 _yKatalog online BPK |
||